Artpress/ (Record no. 3353)

MARC details
000 -LEADER
campo de control de longitud fija 01788nam a22005057a 4500
003 - IDENTIFICADOR DE NÚMERO DE CONTROL
campo de control OSt
005 - FECHA Y HORA DE LA ÚLTIMA TRANSACCIÓN
campo de control 20230413095134.0
008 - DATOS DE LONGITUD FIJA--INFORMACIÓN GENERAL
campo de control de longitud fija 221006b |||||||| |||| 00| 0 eng d
040 ## - FUENTE DE CATALOGACIÓN
Centro/agencia transcriptor Biblioteca Lado V
082 ## - NÚMERO DE LA CLASIFICACIÓN DECIMAL DEWEY
Número de clasificación 700
Número de ítem K41a
100 ## - ENTRADA PRINCIPAL--NOMBRE DE PERSONA
9 (RLIN) 797
Nombre de persona Kerraoul, Jean Pierre de
Término indicativo de función/relación editor
-- director
245 ## - MENCIÓN DEL TÍTULO
Título Artpress/
260 ## - PUBLICACIÓN, DISTRIBUCIÓN, ETC.
Nombre del editor, distribuidor, etc. Court Gallerie
Fecha de publicación, distribución, etc. 2004
Lugar de publicación, distribución, etc. Paris
300 ## - DESCRIPCIÓN FÍSICA
Dimensiones 21x28cm
Extensión 98p.
366 ## - INFORMACIÓN SOBRE DISPONIBILIDAD COMERCIAL
Nota eng
366 ## - INFORMACIÓN SOBRE DISPONIBILIDAD COMERCIAL
Nota fre
490 ## - MENCIÓN DE SERIE
Designación de volumen o secuencia 04
-- 2004
Número Internacional Normalizado para Publicaciones Seriadas 0245 5676
Mención de serie 305
505 ## - NOTA DE CONTENIDO CON FORMATO
Título exporama
505 ## - NOTA DE CONTENIDO CON FORMATO
Título dossier Fiac: marche de l'art et alentour
505 ## - NOTA DE CONTENIDO CON FORMATO
Título Fiac in progress
505 ## - NOTA DE CONTENIDO CON FORMATO
Título Daniel Filipacchi
505 ## - NOTA DE CONTENIDO CON FORMATO
Título le couturier, la valeur, l'artiste et leur exposition
505 ## - NOTA DE CONTENIDO CON FORMATO
Título Isaac Julien "snow queen"
505 ## - NOTA DE CONTENIDO CON FORMATO
Título Bernd et Hilla Becher l'utopie epinglee
505 ## - NOTA DE CONTENIDO CON FORMATO
Título art press livres
505 ## - NOTA DE CONTENIDO CON FORMATO
Título Philippe Forest sarinagara
505 ## - NOTA DE CONTENIDO CON FORMATO
Título Bernard Comment un poisson hors de l'eau
505 ## - NOTA DE CONTENIDO CON FORMATO
Título Philip Roth le doigt sur la plaie
505 ## - NOTA DE CONTENIDO CON FORMATO
Título Kenji Nakagami miracle
505 ## - NOTA DE CONTENIDO CON FORMATO
Título Gilbert & George intime conversation avec Francois Jonquet
505 ## - NOTA DE CONTENIDO CON FORMATO
Título le feulleton
505 ## - NOTA DE CONTENIDO CON FORMATO
Título les expositions
505 ## - NOTA DE CONTENIDO CON FORMATO
Título les arts electroniques
505 ## - NOTA DE CONTENIDO CON FORMATO
Título le theatre
650 ## - PUNTO DE ACCESO ADICIONAL DE MATERIA--TÉRMINO DE MATERIA
Fuente del encabezamiento o término Tesauro de Arte & Arquitectura
Término de materia o nombre geográfico como elemento de entrada ARTE
9 (RLIN) 703
650 ## - PUNTO DE ACCESO ADICIONAL DE MATERIA--TÉRMINO DE MATERIA
Fuente del encabezamiento o término Tesauro de Arte & Arquitectura
Término de materia o nombre geográfico como elemento de entrada EXPOSICIONES
650 ## - PUNTO DE ACCESO ADICIONAL DE MATERIA--TÉRMINO DE MATERIA
Fuente del encabezamiento o término Tesauro de Arte & Arquitectura
Término de materia o nombre geográfico como elemento de entrada BIENAL
650 ## - PUNTO DE ACCESO ADICIONAL DE MATERIA--TÉRMINO DE MATERIA
Fuente del encabezamiento o término Tesauro de Arte & Arquitectura
Término de materia o nombre geográfico como elemento de entrada APRECIACION
650 ## - PUNTO DE ACCESO ADICIONAL DE MATERIA--TÉRMINO DE MATERIA
Fuente del encabezamiento o término Tesauro de Arte & Arquitectura
Término de materia o nombre geográfico como elemento de entrada TEORIA
650 ## - PUNTO DE ACCESO ADICIONAL DE MATERIA--TÉRMINO DE MATERIA
Fuente del encabezamiento o término Tesauro de Arte & Arquitectura
Término de materia o nombre geográfico como elemento de entrada CRITICA
650 ## - PUNTO DE ACCESO ADICIONAL DE MATERIA--TÉRMINO DE MATERIA
Fuente del encabezamiento o término Tesauro de Arte & Arquitectura
Término de materia o nombre geográfico como elemento de entrada FOTOGRAFIA
9 (RLIN) 702
650 ## - PUNTO DE ACCESO ADICIONAL DE MATERIA--TÉRMINO DE MATERIA
Fuente del encabezamiento o término Tesauro de Arte & Arquitectura
Término de materia o nombre geográfico como elemento de entrada LITERATURA
650 ## - PUNTO DE ACCESO ADICIONAL DE MATERIA--TÉRMINO DE MATERIA
Fuente del encabezamiento o término Tesauro de Arte & Arquitectura
Término de materia o nombre geográfico como elemento de entrada PARIS
942 ## - ELEMENTOS DE ENTRADA SECUNDARIOS (KOHA)
Fuente del sistema de clasificación o colocación Clasificación Decimal Dewey
Tipo de ítem Koha Libros
Parte de la signatura que corresponde a la clasificación (Parte de la clasificación) 700
Parte de la signatura que identifica el ejemplar (Parte del ítem) K41a
Suprimir en OPAC No
Holdings
Estatus retirado Estado de pérdida Fuente del sistema de clasificación o colocación Especificación de materiales (volumen encuadernado u otra parte) Estado de daño No para préstamo Colección Biblioteca de origen Biblioteca actual Fecha de adquisición Enumeración/cronología de publicación seriada Número de inventario Total de préstamos Signatura topográfica completa Código de barras Visto por última vez Precio de reemplazo Tipo de ítem Koha
    Clasificación Decimal Dewey 2004     Revistas Biblioteca LadoV Biblioteca LadoV 13/04/2023 305 003219   700 K41a 003219 13/04/2023 13/04/2023 Libros